Datum a čas kvízu
21
Celkem bodů
Celkový počet nahraných bodů na tomto kvízu bez doplňovacích otázek.
10.
Pořadí na kvízu
Konečné umístění týmu na tomto kvízu.
Zaznamenané odpovědi
| # | Otázka | Odpověď | Body | Výsledky |
|---|---|---|---|---|
| 1. | Při úterním zasedání Sněmovny... | bojový letoun (F-35) | 0 | |
| 2. | Záchranáři v úterý ráno pomocí... | Rakousko, Grossglockner | 0 | |
| 3. | V přepočtu asi 40 milionů koru... | The Beatles | 1 | |
| 4. | Firma Google minulý týden přej... | Gemini | 1 | |
| 5. | V noci z neděle na pondělí se... | Kansas City (Chiefs), San Francisco (49ers) | 0 | |
| 6. | Vítězné téma facebookového hla... | 1C 2B 3A 4D | 1 | |
| 7. | Dne 18. dubna 1997 byli odsouz... | Orličtí vrazi | 1 | |
| 8. | Devadesátkovou klasikou je fil... | Fuck Off Guys Good Day | 0 | |
| 9. | Kolik tlačítek má na své předn... | tři | 1 | |
| 10. | Ke které obci se v souvislosti... | Drnovice | 0 |